000 00596nam a2200157Ia 4500
008 231221s9999 xx 000 0 und d
020 _a978-3-540-36322-4
041 _aEnglish
100 _aJames H. Anderson, Giuseppe Prencipe, Roger Wattenhofer
245 0 _aPrinciples of Distributed Systems
260 _c2006
_bSpringer US
_aNew York
440 _aLecture Notes in Computer Science
650 _aComputer Communication Networks; Software Engineering; Programming Techniques; Operating Systems; Special Purpose and Application-Based Systems
650 _aComputer Science
942 _cEB
999 _c221510
_d221510